| 000 | 00834nam a2200265Ia 4500 | ||
|---|---|---|---|
| 003 | OSt | ||
| 005 | 20220918170448.0 | ||
| 006 | a|||||r|||| 00| 0 | ||
| 007 | ta | ||
| 008 | 220917b |||||||| |||| 00| 0 eng d | ||
| 020 |
_a9780230605770 (hbk) _c4011.69 |
||
| 024 | _a243,597 | ||
| 037 |
_b5817, 18/08/2010, Efficient Book Distributors _cTextual |
||
| 040 |
_aARTS _cARTS _beng |
||
| 041 |
_2eng _aeng |
||
| 082 | _aT:(R), P9 | ||
| 100 |
_aLoomis Steven R. _929193 |
||
| 245 | 0 |
_aC.S. Lewis _b Philosophy of education |
|
| 260 |
_aNew York _bPalgrave Macmillan USA _c2009 |
||
| 300 |
_a234p. _ccm. |
||
| 650 | _aEDUCATION | ||
| 700 |
_a Rodriguez Jacob P. _929194 |
||
| 942 |
_hT:(R), P9 _cTEXL _2CC |
||
| 999 |
_c134250 _d134250 |
||